000 00634nam a22002057a 4500
005 20251108170937.0
008 250721s1997 xx 000 0 ara d
020 _a9960203611
082 1 4 _aط/ 599.3/قند
100 1 _aفتحي، تراجي
_eTran.
245 1 0 _aالقندس : بناء السدود /
264 1 _aالرياض :
_bمكتبة العبيكان،
_c1997.
300 _a29ص.:مص
490 0 _aأسرار عالم الحيوان
_v21
650 1 7 _aالقنادس
650 1 7 _aالقوارض ( رتبة )
653 _aمرحلة ناشؤون صغار(10-14) سنة
942 _2ddc
_cBK
999 _c52726
_d52726